[Event "Medellin de La Raza op"]
[Site "Medellin"]
[Date "2023.10.15"]
[Round "7"]
[White "Cuellar Canosa, Nicolas"]
[Black "Arango, Andres Mauricio"]
[Result "1-0"]
[WhiteElo "1858"]
[BlackElo "2003"]
[PlyCount "71"]
[EventDate "2023.10.12"]
[EventType "swiss"]
[EventRounds "10"]
[EventCountry "COL"]
[SourceTitle "Mega2024 Update 01"]
[Source "Chessbase"]
[SourceDate "2023.11.12"]
[SourceVersion "1"]
[SourceVersionDate "2023.11.12"]
[SourceQuality "1"]

1. e4 c5 2. Nf3 e6 3. d4 cxd4 4. Nxd4 Nf6 5. Nc3 Nc6 6. Ndb5 d6 7. Bf4 e5 8. Bg5 a6 9. Na3 b5 10. Nd5 Be7 11. Bxf6 Bxf6 12. c4 Bg5 13. cxb5 Nd4 14. b6 0-0 15. Bc4 Kh8 16. 0-0 f5 17. Nc2 Nxc2 18. Qxc2 fxe4 19. Qxe4 Bb7 20. Qe2 Rb8 21. Nc7 Bf4 22. Bd5 Rf6 23. g3 Bh6 24. Bxb7 Rxb7 25. Qxa6 Qb8 26. Nd5 Rf5 27. Qd3 Rbf7 28. a4 Qa8 29. Nc7 Qa5 30. Qxd6 R5f6 31. b4 Qxb6 32. Qxb6 Rxb6 33. Nd5 Rd6 34. Rfd1 Rfd7 35. Nc3 Bd2 36. Ne4 1-0

[Event "Medellin de La Raza op"]
[Site "Medellin"]
[Date "2023.10.14"]
[Round "6"]
[White "Arango, Andres Mauricio"]
[Black "Palomino Escobar, Daniel Fernando"]
[Result "0-1"]
[WhiteElo "2003"]
[BlackElo "1865"]
[PlyCount "84"]
[EventDate "2023.10.12"]
[EventType "swiss"]
[EventRounds "10"]
[EventCountry "COL"]
[SourceTitle "Mega2024 Update 01"]
[Source "Chessbase"]
[SourceDate "2023.11.12"]
[SourceVersion "1"]
[SourceVersionDate "2023.11.12"]
[SourceQuality "1"]

1. e4 e6 2. d4 d5 3. Nd2 Nf6 4. e5 Nfd7 5. Bd3 c5 6. c3 cxd4 7. cxd4 Nc6 8. Ne2 f6 9. exf6 Nxf6 10. Nf3 Bd6 11. 0-0 0-0 12. Bf4 Bxf4 13. Nxf4 Ne4 14. Ne2 Rxf3 15. gxf3 Ng5 16. Kh1 Nxf3 17. Bxh7+ Kh8 18. Ng1 Ncxd4 19. Nxf3 Nxf3 20. Qxf3 Kxh7 21. Qf7 Qf6 22. Qxf6 gxf6 23. Rg1 Bd7 24. Rg3 Rg8 25. Rh3+ Kg7 26. Rg1+ Kf8 27. Rh7 Rxg1+ 28. Kxg1 Bc6 29. f4 e5 30. Kf2 d4 31. b4 a6 32. a4 e4 33. b5 axb5 34. axb5 e3+ 35. Ke1 Be4 36. Rh3 Kf7 37. Ke2 Ke6 38. Rh8 Kd5 39. Rc8 Bf5 40. Rc7 Ke4 41. Rc4 Bg4+ 42. Ke1 Kd5 0-1

[Event "Medellin de La Raza op"]
[Site "Medellin"]
[Date "2023.10.14"]
[Round "5"]
[White "Borre Meza, Orlando David"]
[Black "Arango, Andres Mauricio"]
[Result "1/2-1/2"]
[WhiteElo "1760"]
[BlackElo "2003"]
[PlyCount "69"]
[EventDate "2023.10.12"]
[EventType "swiss"]
[EventRounds "10"]
[EventCountry "COL"]
[SourceTitle "Mega2024 Update 01"]
[Source "Chessbase"]
[SourceDate "2023.11.12"]
[SourceVersion "1"]
[SourceVersionDate "2023.11.12"]
[SourceQuality "1"]

1. d4 d5 2. Nf3 c6 3. e3 Bf5 4. Bd3 e6 5. 0-0 Nd7 6. b3 a5 7. a4 Bd6 8. Bb2 Qb8 9. Nbd2 Bxd3 10. cxd3 Ne7 11. e4 0-0 12. e5 Bb4 13. Ne1 b5 14. Nc2 Bxd2 15. Qxd2 bxa4 16. Ba3 Re8 17. bxa4 Qa7 18. Rfb1 Nf5 19. Qc3 Rac8 20. Bc5 Qc7 21. Ne3 Nxc5 22. Nxf5 Nxa4 23. Rxa4 exf5 24. Qxa5 Qe7 25. Qb6 Qg5 26. Ra7 f4 27. f3 f6 28. Rc1 fxe5 29. Rxc6 Rb8 30. Re6 exd4 31. Rb7 Ra8 32. Qa6 Qd8 33. Rxe8+ Qxe8 34. Re7 Rxa6 35. Rxe8+ 1/2-1/2

[Event "Medellin Flores op 30th"]
[Site "Medellin"]
[Date "2023.08.03"]
[Round "1"]
[White "Arango, Andres Mauricio"]
[Black "Hernandez Montes, Jhon Sebastian"]
[Result "0-1"]
[WhiteElo "1984"]
[BlackElo "2275"]
[PlyCount "58"]
[EventDate "2023.08.03"]
[EventType "swiss"]
[EventRounds "9"]
[EventCountry "COL"]
[SourceTitle "CBM 215 Extra"]
[Source "ChessBase"]
[SourceDate "2023.09.30"]
[SourceVersion "1"]
[SourceVersionDate "2023.09.30"]
[SourceQuality "1"]

1. e4 g6 2. h4 Bg7 3. h5 d5 4. exd5 Qxd5 5. Nc3 Qd6 6. Bc4 Nc6 7. d3 Na5 8. Qf3 Bxc3+ 9. bxc3 Nxc4 10. dxc4 Qe6+ 11. Ne2 Qxc4 12. Qg3 Bg4 13. f3 Bf5 14. Rh4 Qc5 15. Rd4 Nf6 16. Bh6 Rg8 17. Be3 Qc6 18. Qe5 Bd7 19. Bg5 0-0-0 20. Qxe7 Rde8 21. Qa3 Qb5 22. c4 Qxg5 23. Qxa7 Kd8 24. Qa8+ Ke7 25. Qa3+ c5 26. Rad1 Ra8 27. Qb2 cxd4 28. Qb4+ Ke8 29. Qxb7 Qa5+ 0-1

[Event "Medellin Feria de las Flores op"]
[Site "Medellin"]
[Date "2022.08.05"]
[Round "5"]
[White "Diaz Larrea, Juan Manuel"]
[Black "Arango, Andres Mauricio"]
[Result "0-1"]
[WhiteElo "1698"]
[BlackElo "2004"]
[PlyCount "62"]
[EventDate "2022.08.03"]
[EventType "swiss"]
[EventRounds "9"]
[EventCountry "COL"]
[SourceTitle "CBM 209 Extra"]
[Source "ChessBase"]
[SourceDate "2022.09.30"]
[SourceVersion "1"]
[SourceVersionDate "2022.09.30"]
[SourceQuality "1"]

1. e4 c5 2. Nf3 e6 3. d4 cxd4 4. Nxd4 Nf6 5. Nc3 Nc6 6. Ndb5 d6 7. Bf4 e5 8. Bg5 a6 9. Na3 b5 10. Nd5 Be7 11. Bxf6 Bxf6 12. c4 Bg5 13. cxb5 Nd4 14. b6 0-0 15. Bc4 Kh8 16. 0-0 f5 17. f4 Bh6 18. fxe5 dxe5 19. exf5 Bxf5 20. Qa4 Qg5 21. Rxf5 Nxf5 22. b7 Rab8 23. Bxa6 Qd2 24. Rd1 Qxb2 25. Nc4 Qe2 26. Ncb6 Be3+ 27. Kh1 Ng3+ 28. hxg3 Qh5+ 29. Qh4 Qxd1+ 30. Kh2 Qg1+ 31. Kh3 Bxb6 0-1

[Event "Medellin Feria de las Flores op"]
[Site "Medellin"]
[Date "2022.08.03"]
[Round "1"]
[White "Valencia Quinchia, Isabella"]
[Black "Arango, Andres Mauricio"]
[Result "0-1"]
[WhiteElo "1416"]
[BlackElo "2004"]
[PlyCount "50"]
[EventDate "2022.08.03"]
[EventType "swiss"]
[EventRounds "9"]
[EventCountry "COL"]
[SourceTitle "CBM 209 Extra"]
[Source "ChessBase"]
[SourceDate "2022.09.30"]
[SourceVersion "1"]
[SourceVersionDate "2022.09.30"]
[SourceQuality "1"]

1. e4 c5 2. Nf3 e6 3. d4 cxd4 4. Nxd4 Nf6 5. Bd3 Nc6 6. Nxc6 bxc6 7. 0-0 d5 8. Nd2 Be7 9. Re1 a5 10. Qe2 a4 11. Nf3 Nd7 12. Nd4 Ne5 13. Bf4 Nxd3 14. Qxd3 Qb6 15. Rad1 0-0 16. Qg3 Re8 17. Bh6 g6 18. Qc3 Bb4 19. Qf3 Bf8 20. Bxf8 Rxf8 21. Qc3 c5 22. Nf3 d4 23. Qd2 f6 24. Qh6 e5 25. Nh4 Qc7 0-1

[Event "Medellin Easter op 10th"]
[Site "Medellin"]
[Date "2022.04.15"]
[Round "5"]
[White "Arango, Andres Mauricio"]
[Black "Giraldo Bohorquez, Lucas"]
[Result "1-0"]
[WhiteElo "1997"]
[BlackElo "1768"]
[PlyCount "83"]
[EventDate "2022.04.13"]
[EventType "swiss"]
[EventRounds "8"]
[EventCountry "COL"]
[SourceTitle "CBM 207 Extra"]
[Source "ChessBase"]
[SourceDate "2022.05.31"]
[SourceVersion "1"]
[SourceVersionDate "2022.05.31"]
[SourceQuality "1"]

1. e4 e6 2. d4 d5 3. Nd2 Nf6 4. e5 Nfd7 5. c3 c5 6. Bd3 Nc6 7. Ne2 cxd4 8. cxd4 f6 9. exf6 Nxf6 10. Nf3 Bd6 11. 0-0 Qc7 12. Nc3 a6 13. Bg5 0-0 14. Bh4 Nh5 15. Bg5 g6 16. Be3 Bd7 17. Rc1 Rae8 18. Na4 Qb8 19. Nb6 Bc8 20. g3 Qc7 21. Nxc8 Rxc8 22. Re1 Qg7 23. Bf1 Bb4 24. Bh3 Bxe1 25. Bxe6+ Kh8 26. Bxc8 Bxf2+ 27. Bxf2 Rxc8 28. Ne5 Qf6 29. Be3 Re8 30. Rc5 Qf5 31. Rxd5 Qe4 32. Qb3 Rf8 33. Bf2 Nf6 34. Rc5 Nxd4 35. Qe3 Qb1+ 36. Kg2 Nf5 37. Qa3 Qe4+ 38. Qf3 Re8 39. Nf7+ Kg8 40. Rc7 Nd5 41. Qxe4 Rxe4 42. Rxb7 1-0

[Event "Medellin Luces op"]
[Site "Medellin"]
[Date "2020.12.14"]
[Round "5"]
[White "Arango, Andres Mauricio"]
[Black "Dominguez Rincon, Miller Duvan"]
[Result "0-1"]
[WhiteElo "2001"]
[BlackElo "2091"]
[PlyCount "98"]
[EventDate "2020.12.12"]
[EventType "swiss"]
[EventRounds "7"]
[EventCountry "COL"]
[SourceTitle "CBM 199 Extra"]
[Source "ChessBase"]
[SourceDate "2021.01.31"]
[SourceVersion "1"]
[SourceVersionDate "2021.01.31"]
[SourceQuality "1"]

1. e4 e5 2. Nf3 Nc6 3. Bb5 a6 4. Ba4 Nf6 5. 0-0 Be7 6. Re1 b5 7. Bb3 0-0 8. c3 d6 9. h3 Na5 10. Bc2 c5 11. d4 Nd7 12. Nbd2 exd4 13. cxd4 Nc6 14. Nf1 Bf6 15. Be3 Bb7 16. Ng3 g6 17. a4 Re8 18. d5 Nb4 19. Rb1 Nb6 20. b3 bxa4 21. bxa4 a5 22. Bd3 Ba6 23. Bxa6 Rxa6 24. Qe2 Ra8 25. Qb5 Qd7 26. Rxb4 axb4 27. Qxb6 Reb8 28. Qc6 Qd8 29. a5 Rxa5 30. e5 Rb6 31. Ne4 Rxc6 32. Nxf6+ Qxf6 33. exf6 Rc8 34. Bf4 c4 35. Bxd6 b3 36. Nd2 h5 37. Nxc4 Rxc4 38. Re8+ Kh7 39. Rb8 Rxd5 40. Ba3 Rd1+ 41. Kh2 Rf4 42. Rxb3 Rxf2 43. Be7 h4 44. Rf3 Rb2 45. Bc5 Rdd2 46. Bg1 Rxg2+ 47. Kh1 Rg3 48. Rxg3 hxg3 49. h4 Kh6 0-1

[Event "Medellin Luces op"]
[Site "Medellin"]
[Date "2020.12.13"]
[Round "4"]
[White "Ospina Castro, Santiago"]
[Black "Arango, Andres Mauricio"]
[Result "1/2-1/2"]
[WhiteElo "1945"]
[BlackElo "2001"]
[PlyCount "89"]
[EventDate "2020.12.12"]
[EventType "swiss"]
[EventRounds "7"]
[EventCountry "COL"]
[SourceTitle "CBM 199 Extra"]
[Source "ChessBase"]
[SourceDate "2021.01.31"]
[SourceVersion "1"]
[SourceVersionDate "2021.01.31"]
[SourceQuality "1"]

1. e4 c5 2. Nc3 Nc6 3. Bb5 g6 4. Bxc6 dxc6 5. d3 e5 6. Be3 Nh6 7. f3 f5 8. Qd2 f4 9. Bf2 Nf7 10. g3 g5 11. h4 h6 12. 0-0-0 Be6 13. hxg5 hxg5 14. Rxh8 Nxh8 15. Nge2 Qa5 16. b3 Qa3+ 17. Kb1 b5 18. Rh1 Nf7 19. Qc1 Qa5 20. Qg1 c4 21. Bc5 b4 22. Bxf8 Kxf8 23. Na4 cxd3 24. cxd3 Qb5 25. Qc5+ Kg7 26. Qxb5 cxb5 27. Nc5 Bc8 28. d4 fxg3 29. Rg1 Kf6 30. Rxg3 a5 31. d5 Ra7 32. Rg1 Rc7 33. Rc1 Nd6 34. Nd3 Rxc1+ 35. Kxc1 Bh3 36. Kd2 g4 37. Ke3 Bg2 38. Ne1 Bxf3 39. Nxf3 gxf3 40. Kxf3 Nb7 41. Ke3 Nc5 42. Nc1 a4 43. Nd3 axb3 44. axb3 Nxb3 45. Nxb4 1/2-1/2

[Event "Medellin Luces op"]
[Site "Medellin"]
[Date "2020.12.12"]
[Round "2"]
[White "Giraldo Bohorquez, Lucas"]
[Black "Arango, Andres Mauricio"]
[Result "0-1"]
[WhiteElo "1693"]
[BlackElo "2001"]
[PlyCount "52"]
[EventDate "2020.12.12"]
[EventType "swiss"]
[EventRounds "7"]
[EventCountry "COL"]
[SourceTitle "CBM 199 Extra"]
[Source "ChessBase"]
[SourceDate "2021.01.31"]
[SourceVersion "1"]
[SourceVersionDate "2021.01.31"]
[SourceQuality "1"]

1. d4 d5 2. c4 c6 3. Nc3 Nf6 4. e3 e6 5. Nf3 Nbd7 6. b3 Bb4 7. Bd2 a5 8. Bd3 Qe7 9. 0-0 0-0 10. Qc2 e5 11. dxe5 Nxe5 12. Nxe5 Qxe5 13. cxd5 cxd5 14. Nb5 Bxd2 15. Qxd2 Ng4 16. g3 Qh5 17. h4 g5 18. Nc7 Rb8 19. Nxd5 gxh4 20. Be2 Qg5 21. Qd4 f5 22. Bc4 Be6 23. f4 Qd8 24. Nc7 Bxc4 25. Qxc4+ Rf7 26. Ne6 Qd2 0-1

[Event "Medellin Aristizabal Cup"]
[Site "Medellin"]
[Date "2020.11.20"]
[Round "3"]
[White "Escobar Medina, Andres F"]
[Black "Arango, Andres Mauricio"]
[Result "1-0"]
[WhiteElo "2249"]
[BlackElo "1999"]
[PlyCount "35"]
[EventDate "2020.11.18"]
[EventType "swiss"]
[EventRounds "7"]
[EventCountry "COL"]
[SourceTitle "CBM 199 Extra"]
[Source "ChessBase"]
[SourceDate "2021.01.31"]
[SourceVersion "1"]
[SourceVersionDate "2021.01.31"]
[SourceQuality "1"]

1. d4 d5 2. c4 c6 3. Nf3 Nf6 4. e3 Bf5 5. Nh4 Bxb1 6. Rxb1 Qa5+ 7. Bd2 Qxa2 8. Qc1 Qb3 9. Ra1 a5 10. c5 Ne4 11. Ra3 Nxd2 12. Qxd2 a4 13. Rxb3 axb3 14. Be2 e5 15. 0-0 Nd7 16. Qb4 b6 17. Bg4 Nf6 18. Qxb6 1-0

[Event "COL pre olympic sf3"]
[Site "Cartagena"]
[Date "2019.08.19"]
[Round "10"]
[White "Narvaez Ramirez, Faber Alberto"]
[Black "Arango, Andres Mauricio"]
[Result "1-0"]
[WhiteElo "2075"]
[BlackElo "1980"]
[PlyCount "63"]
[EventDate "2019.08.14"]
[EventType "swiss"]
[EventRounds "10"]
[EventCountry "COL"]
[SourceTitle "EXT 2020"]
[Source "ChessBase"]
[SourceDate "2019.10.17"]
[SourceVersion "1"]
[SourceVersionDate "2019.10.17"]
[SourceQuality "1"]

1. d4 d5 2. Nf3 c6 3. g3 Bg4 4. Bg2 Nd7 5. 0-0 e6 6. Nbd2 h5 7. h3 Bf5 8. c4 Qc7 9. Re1 Ngf6 10. Ng5 Bd6 11. Qb3 b6 12. e4 dxe4 13. Ndxe4 Nxe4 14. Nxe4 Bxe4 15. Rxe4 0-0-0 16. h4 e5 17. Qf3 f6 18. a3 exd4 19. Rxd4 Ne5 20. Qf5+ Kb8 21. Bf4 Nf7 22. Be3 Be5 23. Rxd8+ Nxd8 24. Rb1 Qd6 25. b4 Kc7 26. c5 Qe6 27. cxb6+ axb6 28. Qd3 Qc8 29. f4 Bd6 30. Rc1 Qe6 31. Bf2 Re8 32. Qa6 1-0

[Event "COL pre olympic sf3"]
[Site "Cartagena"]
[Date "2019.08.17"]
[Round "6"]
[White "Cueto, Jose"]
[Black "Arango, Andres Mauricio"]
[Result "1/2-1/2"]
[WhiteElo "2164"]
[BlackElo "1980"]
[PlyCount "147"]
[EventDate "2019.08.14"]
[EventType "swiss"]
[EventRounds "10"]
[EventCountry "COL"]
[SourceTitle "EXT 2020"]
[Source "ChessBase"]
[SourceDate "2019.10.17"]
[SourceVersion "1"]
[SourceVersionDate "2019.10.17"]
[SourceQuality "1"]

1. e4 c5 2. Ne2 e6 3. d4 cxd4 4. Nxd4 Nf6 5. Nc3 Nc6 6. Ndb5 d6 7. Bf4 e5 8. Bg5 a6 9. Na3 b5 10. Bxf6 gxf6 11. Nd5 f5 12. Bd3 Be6 13. c3 Bg7 14. Nxb5 axb5 15. Bxb5 Bd7 16. exf5 0-0 17. Qg4 Kh8 18. 0-0 f6 19. Rfd1 Rb8 20. Qa4 Rc8 21. Ne3 Qc7 22. Rd5 Rfd8 23. Rad1 Na7 24. Bxd7 Rxd7 25. Nc4 Bf8 26. Nb6 Rg7 27. Nxc8 Nxc8 28. Qe8 Rg8 29. R5d3 Qb7 30. Rg3 Bg7 31. Qh5 Qxb2 32. Rh3 h6 33. Qg6 Rf8 34. Rg3 Rg8 35. Qf7 Qc2 36. Qb3 Qxf5 37. a4 Qd7 38. a5 f5 39. a6 f4 40. Rg6 Kh7 41. Qc2 Kh8 42. Qe4 Qb5 43. Qb7 Qc5 44. Qb4 Qc6 45. Ra1 Kh7 46. Rg4 Na7 47. h3 e4 48. Qb7 e3 49. Qxc6 Nxc6 50. fxe3 fxe3 51. Re4 Bxc3 52. Rc1 d5 53. Re6 d4 54. Rxc3 dxc3 55. Rxc6 e2 56. Kf2 Rxg2+ 57. Ke1 Rg5 58. Kxe2 Ra5 59. Kd3 Ra3 60. Kc4 c2 61. Kb5 Rb3+ 62. Ka4 Rb2 63. Ka3 Rb6 64. Rc7+ Kg6 65. a7 c1Q+ 66. Rxc1 Ra6+ 67. Kb3 Rxa7 68. Rc3 Kh5 69. Kc2 Kh4 70. Kd2 Ra2+ 71. Ke1 Rh2 72. Kf1 Rxh3 73. Rxh3+ Kxh3 74. Kg1 1/2-1/2

[Event "Medellin Aristizabal Cup"]
[Site "Medellin"]
[Date "2019.06.22"]
[Round "3"]
[White "Valderrama Quiceno, Esteban Alberto"]
[Black "Arango, Andres Mauricio"]
[Result "1/2-1/2"]
[WhiteElo "2432"]
[BlackElo "2020"]
[PlyCount "42"]
[EventDate "2019.06.21"]
[EventType "swiss"]
[EventRounds "7"]
[EventCountry "COL"]
[SourceTitle "EXT 2020"]
[Source "ChessBase"]
[SourceDate "2019.10.17"]
[SourceVersion "1"]
[SourceVersionDate "2019.10.17"]
[SourceQuality "1"]

1. c4 c6 2. Nf3 d5 3. g3 dxc4 4. a4 Bg4 5. Bg2 Nd7 6. 0-0 e5 7. Qc2 Be6 8. Na3 Bxa3 9. bxa3 h6 10. Bb2 Qc7 11. Qc3 f6 12. d4 cxd3 13. exd3 Ne7 14. d4 e4 15. Nd2 Nd5 16. Qc2 f5 17. Rae1 0-0 18. f3 e3 19. f4 Rae8 20. Nc4 Bf7 21. Bc1 e2 1/2-1/2

[Event "Medellin Aristizabal Cup"]
[Site "Medellin"]
[Date "2019.06.21"]
[Round "1"]
[White "Valencia Ceballos, Daniel"]
[Black "Arango, Andres Mauricio"]
[Result "0-1"]
[WhiteElo "1601"]
[BlackElo "2020"]
[PlyCount "28"]
[EventDate "2019.06.21"]
[EventType "swiss"]
[EventRounds "7"]
[EventCountry "COL"]
[SourceTitle "EXT 2020"]
[Source "ChessBase"]
[SourceDate "2019.10.17"]
[SourceVersion "1"]
[SourceVersionDate "2019.10.17"]
[SourceQuality "1"]

1. e4 c5 2. Nc3 e6 3. g3 d5 4. Bg2 d4 5. Nce2 d3 6. cxd3 Qxd3 7. Nf4 Qd6 8. d3 Nf6 9. Nf3 e5 10. Nh3 h6 11. Be3 g5 12. Nd2 Qxd3 13. Qc1 Na6 14. Nb3 Nb4 0-1

[Event "COL-chB U2200"]
[Site "Antioquia"]
[Date "2018.12.07"]
[Round "3"]
[White "Betancourt Giraldo, David Rogelio"]
[Black "Arango, Andres Mauricio"]
[Result "1-0"]
[WhiteElo "2134"]
[BlackElo "2064"]
[PlyCount "67"]
[EventDate "2018.12.06"]
[EventType "swiss"]
[EventRounds "7"]
[EventCountry "COL"]
[SourceTitle "CBM 190 Extra"]
[Source "ChessBase"]
[SourceDate "2019.07.15"]
[SourceVersion "1"]
[SourceVersionDate "2019.07.15"]
[SourceQuality "1"]

1. e4 c5 2. Nf3 e6 3. d4 cxd4 4. Nxd4 Nf6 5. Bd3 Nc6 6. Nxc6 bxc6 7. 0-0 d5 8. Nd2 Be7 9. c4 0-0 10. Qe2 a5 11. b3 a4 12. Bb2 Bb7 13. Kh1 c5 14. cxd5 exd5 15. e5 Ne8 16. f4 a3 17. Bc1 Qb6 18. Qh5 g6 19. Qe2 Ba6 20. f5 Bg5 21. Nf3 Bxc1 22. Raxc1 Ng7 23. f6 Ne6 24. Bxa6 Rxa6 25. Qd2 Qb4 26. Qxd5 Rd8 27. Qc4 Rb6 28. Qe2 Nd4 29. Qe3 Kh8 30. Qh6 Nf5 31. Qh3 Rb7 32. Rc4 Qb5 33. g4 Nd4 34. Qh6 1-0

[Event "COL-chB U2200"]
[Site "Antioquia"]
[Date "2018.12.07"]
[Round "2"]
[White "Gomez, Jhon D"]
[Black "Arango, Andres Mauricio"]
[Result "1-0"]
[WhiteElo "2137"]
[BlackElo "2064"]
[PlyCount "83"]
[EventDate "2018.12.06"]
[EventType "swiss"]
[EventRounds "7"]
[EventCountry "COL"]
[SourceTitle "CBM 190 Extra"]
[Source "ChessBase"]
[SourceDate "2019.07.15"]
[SourceVersion "1"]
[SourceVersionDate "2019.07.15"]
[SourceQuality "1"]

1. e4 c5 2. Nf3 e6 3. d3 b5 4. g3 Bb7 5. Bg2 d6 6. 0-0 Nd7 7. Re1 Qc7 8. a4 a6 9. axb5 axb5 10. Rxa8+ Bxa8 11. Bf4 e5 12. Be3 Ngf6 13. Nh4 g6 14. Qc1 Bg7 15. Bh6 0-0 16. Bxg7 Kxg7 17. Qg5 Kh8 18. Nc3 b4 19. Nd1 Ng8 20. Ne3 Ndf6 21. Nc4 Bc6 22. Qd2 Ra8 23. f4 Ne8 24. Qf2 Qe7 25. Nf3 f6 26. Nfd2 Ra2 27. fxe5 dxe5 28. Nb3 Ba4 29. Nxc5 Bxc2 30. d4 b3 31. dxe5 fxe5 32. Qe3 Nd6 33. Nb6 Qa7 34. Qc3 Nf7 35. Rf1 Qxb6 36. Rxf7 Qd6 37. Rd7 Qf6 38. h3 Ne7 39. Kh2 Nc6 40. Qd2 Qf8 41. Ne6 Qe8 42. Qh6 1-0

[Event "Medellin Raza op 8th"]
[Site "Medellin"]
[Date "2018.10.05"]
[Round "3"]
[White "Cifuentes, John Jairo"]
[Black "Arango, Andres Mauricio"]
[Result "0-1"]
[WhiteElo "2278"]
[BlackElo "2070"]
[PlyCount "62"]
[EventDate "2018.10.04"]
[EventType "swiss"]
[EventRounds "7"]
[EventCountry "COL"]
[SourceTitle "CBM 186 Extra"]
[Source "ChessBase"]
[SourceDate "2018.08.24"]
[SourceVersion "1"]
[SourceVersionDate "2018.08.24"]
[SourceQuality "1"]

1. e4 c5 2. Nf3 e6 3. d4 cxd4 4. Nxd4 Nf6 5. Bd3 Nc6 6. Be3 d5 7. Nxc6 bxc6 8. Nd2 Be7 9. 0-0 0-0 10. c3 a5 11. Qa4 Ba6 12. Bxa6 Rxa6 13. f4 Ng4 14. Bd4 c5 15. Bf2 Nxf2 16. Rxf2 c4 17. Kh1 Qb6 18. Re2 Qxb2 19. Rb1 Qa3 20. Qb5 Rd6 21. Qb7 Bd8 22. h3 Qxc3 23. e5 Qd3 24. Ree1 Rb6 25. Rxb6 Bxb6 26. Qxb6 Qxd2 27. Rf1 g6 28. f5 Qe2 29. Rf3 Qe1+ 30. Kh2 Qxe5+ 31. g3 Rb8 0-1

[Event "Medellin Flores op 25th"]
[Site "Medellin"]
[Date "2018.08.04"]
[Round "2"]
[White "Arango, Andres Mauricio"]
[Black "Romero, Daniela"]
[Result "1-0"]
[WhiteElo "2098"]
[BlackElo "1849"]
[PlyCount "93"]
[EventDate "2018.08.03"]
[EventType "swiss"]
[EventRounds "9"]
[EventCountry "COL"]
[SourceTitle "CBM 185 Extra"]
[Source "ChessBase"]
[SourceDate "2018.07.29"]
[SourceVersion "1"]
[SourceVersionDate "2018.07.29"]
[SourceQuality "1"]

1. e4 c5 2. Nf3 a6 3. a4 d6 4. c3 Nf6 5. Qc2 e6 6. d4 Be7 7. Bd3 Nc6 8. Bd2 b6 9. 0-0 Qc7 10. Re1 Bb7 11. Na3 Rc8 12. b4 h6 13. Rac1 0-0 14. Qd1 Rfd8 15. Qe2 Nb8 16. e5 dxe5 17. dxe5 Nfd7 18. Nc4 Bd5 19. b5 a5 20. h3 Nf8 21. Nh2 Qb7 22. f4 Ng6 23. g3 Nd7 24. Rc2 Ndf8 25. Qf2 Rd7 26. h4 Rcd8 27. h5 Nh8 28. Bc1 Qc7 29. Nf1 Bb7 30. Be2 Be4 31. Rd2 Rxd2 32. Nfxd2 Ba8 33. Bf3 Bd5 34. Qe2 Qb7 35. Ne4 Qc7 36. Kg2 f5 37. exf6 gxf6 38. Ne3 Bb7 39. c4 Nf7 40. Bb2 Kg7 41. Ng4 Nh7 42. Nef2 Bxf3+ 43. Qxf3 e5 44. fxe5 Nfg5 45. exf6+ Bxf6 46. Bxf6+ Nxf6 47. Qxf6+ 1-0

[Event "Medellin Aristizabal Cup"]
[Site "Medellin"]
[Date "2018.07.04"]
[Round "1"]
[White "Arango, Andres Mauricio"]
[Black "Lopez Posada, Nelson Eduardo"]
[Result "1-0"]
[WhiteElo "2081"]
[BlackElo "1683"]
[PlyCount "43"]
[EventDate "2018.07.04"]
[EventType "swiss"]
[EventRounds "7"]
[EventCountry "COL"]
[SourceTitle "CBM 185 Extra"]
[Source "ChessBase"]
[SourceDate "2018.07.29"]
[SourceVersion "1"]
[SourceVersionDate "2018.07.29"]
[SourceQuality "1"]

1. e4 e5 2. Nf3 d6 3. d4 exd4 4. Qxd4 Nc6 5. Bb5 Bd7 6. Bxc6 Bxc6 7. 0-0 Nf6 8. e5 dxe5 9. Qxe5+ Qe7 10. Re1 Bxf3 11. Qb5+ Bc6 12. Rxe7+ Bxe7 13. Qe2 0-0-0 14. Nc3 Rhe8 15. Be3 Bc5 16. Rd1 Bxe3 17. Rxd8+ Rxd8 18. Qxe3 b6 19. Qg5 Kb7 20. Qxg7 Ne4 21. h4 Nd6 22. Qxh7 1-0

[Event "Medellin Conconcreto op"]
[Site "Medellin"]
[Date "2018.01.28"]
[Round "6"]
[White "Chirivi Castiblanco, Angie Lizeth"]
[Black "Arango, Andres Mauricio"]
[Result "1-0"]
[WhiteElo "2033"]
[BlackElo "2084"]
[PlyCount "67"]
[EventDate "2018.01.24"]
[EventType "swiss"]
[EventRounds "7"]
[EventCountry "COL"]
[SourceTitle "CBM 182 Extra"]
[Source "ChessBase"]
[SourceDate "2018.02.23"]
[SourceVersion "1"]
[SourceVersionDate "2018.02.23"]
[SourceQuality "1"]

1. e4 c5 2. Nf3 e6 3. d4 cxd4 4. Nxd4 Nf6 5. Bd3 Nc6 6. Nf3 d5 7. e5 Nd7 8. Qe2 Qc7 9. Bf4 f6 10. Bb5 fxe5 11. Bxe5 Ndxe5 12. Nxe5 Bd6 13. f4 0-0 14. Bd3 Bxe5 15. fxe5 Qxe5 16. Nc3 Qxe2+ 17. Kxe2 Nd4+ 18. Ke3 Nf5+ 19. Kd2 Bd7 20. Rae1 Nd6 21. Re2 b5 22. a3 a5 23. Rhe1 b4 24. axb4 axb4 25. Nd1 Ra2 26. b3 Rc8 27. Re5 Nb5 28. Rh5 g6 29. Rh4 Na3 30. Ne3 Rb8 31. Rf1 Rb2 32. Rff4 Rb1 33. Rxb4 Nc4+ 34. Rhxc4 1-0

[Event "Medellin Conconcreto op"]
[Site "Medellin"]
[Date "2018.01.25"]
[Round "2"]
[White "Escobar Medina, Andres F"]
[Black "Arango, Andres Mauricio"]
[Result "1/2-1/2"]
[WhiteElo "2316"]
[BlackElo "2084"]
[PlyCount "81"]
[EventDate "2018.01.24"]
[EventType "swiss"]
[EventRounds "7"]
[EventCountry "COL"]
[SourceTitle "CBM 182 Extra"]
[Source "ChessBase"]
[SourceDate "2018.02.23"]
[SourceVersion "1"]
[SourceVersionDate "2018.02.23"]
[SourceQuality "1"]

1. e4 c5 2. Nf3 e6 3. c4 Nc6 4. d4 cxd4 5. Nxd4 Nf6 6. Nc3 Bb4 7. Qd3 Nxd4 8. Qxd4 Qa5 9. Bd2 Bc5 10. Qd3 Qb6 11. Qf3 Bd4 12. Bd3 0-0 13. Rb1 d5 14. cxd5 exd5 15. 0-0 Bg4 16. Qg3 dxe4 17. Nxe4 Nxe4 18. Bxe4 Bh5 19. Bc3 Bg6 20. Bxg6 hxg6 21. Bxd4 Qxd4 22. Rfd1 Qa4 23. a3 Rad8 24. Qf3 b5 25. b4 a5 26. h3 Rxd1+ 27. Qxd1 Qxa3 28. bxa5 Qxa5 29. Qd5 Rb8 30. Qe5 Qb6 31. Rb4 Rc8 32. Qxb5 Rc1+ 33. Kh2 Qxf2 34. Qb6 Qxb6 35. Rxb6 g5 36. Rb3 Kh7 37. Ra3 f5 38. Ra5 Rf1 39. g4 Kg6 40. Kg2 Rf4 41. Kg3 1/2-1/2